| 000 | 00416nam a22001817a 4500 | ||
|---|---|---|---|
| 003 | OSt | ||
| 008 | 240429b |||||||| |||| 00| 0 eng d | ||
| 020 | _a9789355019073 | ||
| 082 | _a510 DAE | ||
| 100 | _aDASS,HK | ||
| 245 | _aEngineering Mathematics for GATE | ||
| 250 | _a1st ED | ||
| 260 |
_aNew Delhi _bS.Chand _c2024 |
||
| 300 | _a604 | ||
| 700 | _aVERMA,Rama | ||
| 700 | _aVERMA,Rajnish | ||
| 942 |
_2ddc _cBK |
||
| 999 |
_c12578 _d12578 |
||